[Event "Fall TNM"]
[Site "San Francisco"]
[Date "2005.11.22"]
[Round "4"]
[White "Grey, Peter"]
[Black "Parker, Frank"]
[Result "1/2-1/2"]
[WhiteElo "2021"]
[BlackElo "1811"]
[PlyCount "60"]
[EventDate "2005.11.01"]
[EventType "swiss"]
[EventRounds "8"]
[EventCountry "USA"]

1. e4 c6 2. d4 d5 3. Nc3 dxe4 4. Nxe4 Bf5 5. Ng3 Bg6 6. h4 h6 7. Nf3 Nd7 8. h5
Bh7 9. Bd3 Bxd3 10. Qxd3 e6 11. Bf4 Ngf6 12. O-O-O Nd5 13. Bd2 Nb4 14. Qb3 a5
15. a3 a4 16. Qe3 Nd5 17. Qd3 Be7 18. c4 N5f6 19. Bc3 O-O 20. Ne4 Qc7 21. Ne5
Rfd8 22. Qe2 Nxe4 23. Qxe4 Nxe5 24. dxe5 Rxd1+ 25. Rxd1 Rd8 26. Rxd8+ Qxd8 27.
f4 Qb6 28. Qe2 Bc5 29. Kd2 Bd4 30. Kd3 Bc5 1/2-1/2

[Event "Fall TNM"]
[Site "San Francisco"]
[Date "2005.11.22"]
[Round "4"]
[White "Livschitz, Louiza"]
[Black "Sherwood, Peter"]
[Result "1-0"]
[WhiteElo "1891"]
[BlackElo "1711"]
[PlyCount "77"]
[EventDate "2005.11.01"]
[EventType "swiss"]
[EventRounds "8"]
[EventCountry "USA"]

1. d4 Nf6 2. c4 g6 3. Nc3 d5 4. cxd5 Nxd5 5. e4 Nxc3 6. bxc3 Bg7 7. Bc4 O-O 8.
Be3 c5 9. Ne2 Nc6 10. O-O Bg4 11. f3 Na5 12. Bxf7+ Rxf7 13. fxg4 Rxf1+ 14. Kxf1
Nc4 15. Qd3 Ne5 16. Qc2 Nxg4 17. Bf4 Qf8 18. Qb3+ Kh8 19. Qe6 Nf6 20. Kg1 cxd4
21. cxd4 Rc8 22. e5 Rc6 23. Qb3 Rb6 24. exf6 Rxb3 25. fxg7+ Kxg7 26. Be5+ Kg8
27. axb3 Qh6 28. Nf4 g5 29. Nd3 Qg6 30. Nf2 Qc2 31. h3 a6 32. Rf1 Qxb3 33. Ng4
Qe6 34. d5 Qb6+ 35. Kh2 h5 36. d6 Qb5 37. dxe7 hxg4 38. Rf8+ Kh7 39. e8=Q 1-0

[Event "Fall TNM"]
[Site "San Francisco"]
[Date "2005.11.22"]
[Round "4"]
[White "McCutchen, Wilmot"]
[Black "Woebcke, Carl"]
[Result "0-1"]
[WhiteElo "1554"]
[BlackElo "1718"]
[PlyCount "52"]
[EventDate "2005.11.01"]
[EventType "swiss"]
[EventRounds "8"]
[EventCountry "USA"]

1. d4 d5 2. Nf3 Nf6 3. Bg5 e6 4. e3 Nbd7 5. c4 Be7 6. Nc3 O-O 7. Bd3 dxc4 8.
Bxc4 c6 9. a3 b5 10. Bd3 a6 11. O-O c5 12. Bxf6 Nxf6 13. dxc5 Bxc5 14. Qc2 Bb7
15. Rfd1 Qb6 16. Ne4 Bxe4 17. Bxe4 Rac8 18. Qb1 Bxe3 19. Bxh7+ Kh8 20. Ne5
Bxf2+ 21. Kh1 Bd4 22. Nxf7+ Rxf7 23. Bg6 Ng4 24. h3 Nf2+ 25. Kh2 Qc7+ 26. g3
Nxd1 0-1

[Event "Fall TNM"]
[Site "San Francisco"]
[Date "2005.11.22"]
[Round "4"]
[White "Purcell, Brendan"]
[Black "Perepelitsky, Edward"]
[Result "0-1"]
[WhiteElo "1836"]
[BlackElo "2125"]
[PlyCount "66"]
[EventDate "2005.11.01"]
[EventType "swiss"]
[EventRounds "8"]
[EventCountry "USA"]

1. f4 c5 2. b3 d5 3. Bb2 e6 4. Nf3 Nf6 5. e3 Bd6 6. Bb5+ Bd7 7. Be2 Nc6 8. O-O
Qc7 9. Qe1 O-O-O 10. Nc3 a6 11. a3 d4 12. Na2 e5 13. exd4 exd4 14. c3 d3 15.
Bxd3 Bxf4 16. Qf2 Ne5 17. Nxe5 Bxe5 18. Bf5 Bxh2+ 19. Kh1 Nh5 20. Bxd7+ Rxd7
21. g4 Ng3+ 22. Kg2 Nxf1 23. Rxf1 h5 24. g5 h4 25. d4 h3+ 26. Kh1 Bg3 27. Qf3
Qc6 28. Qxc6+ bxc6 29. Nc1 cxd4 30. cxd4 Re8 31. Nd3 Re3 32. Nc5 Rde7 33. Kg1
Re1 0-1

[Event "Fall TNM"]
[Site "San Francisco"]
[Date "2005.11.22"]
[Round "4"]
[White "Russell, Joe"]
[Black "Salvo, Tab"]
[Result "1-0"]
[WhiteElo "1386"]
[BlackElo "1712"]
[PlyCount "71"]
[EventDate "2005.11.01"]
[EventType "swiss"]
[EventRounds "8"]
[EventCountry "USA"]

1. d4 Nf6 2. c4 g6 3. Nc3 Bg7 4. e4 d6 5. Nf3 O-O 6. Be2 c5 7. d5 Nbd7 8. O-O
a6 9. h3 Kh8 10. Be3 Rb8 11. Qc2 Ng8 12. Rae1 b6 13. Bd3 Ndf6 14. e5 Ne8 15.
Bf4 f5 16. e6 Bf6 17. g4 fxg4 18. hxg4 Ng7 19. Ne2 b5 20. cxb5 axb5 21. Bxg6
hxg6 22. Kg2 Qe8 23. Rh1+ Nh5 24. gxh5 Kg7 25. hxg6 Qxg6+ 26. Qxg6+ Kxg6 27.
Reg1 Bxb2 28. Kf1+ Kf5 29. Nd2 Bxe6 30. Rh5+ Kf6 31. Ne4+ Kf7 32. Ng5+ Kg6 33.
Nxe6+ Kxh5 34. Rg5+ Kh4 35. Bg3+ Kh3 36. N6f4+ 1-0

[Event "Fall TNM"]
[Site "San Francisco"]
[Date "2005.11.22"]
[Round "4"]
[White "Sainz, Guadalupe"]
[Black "Krasnov, Steven"]
[Result "1-0"]
[WhiteElo "1679"]
[BlackElo "1872"]
[PlyCount "120"]
[EventDate "2005.11.01"]
[EventType "swiss"]
[EventRounds "8"]
[EventCountry "USA"]

1. d4 d6 2. c4 Nf6 3. Nc3 g6 4. e4 Bg7 5. f4 O-O 6. Nf3 Na6 7. Be2 c5 8. d5 e5
9. fxe5 dxe5 10. O-O Re8 11. Bg5 h6 12. Bd2 Bd7 13. Qc1 Kh7 14. Qe1 Nb4 15. Rc1
Qe7 16. a3 Na6 17. Rd1 Nc7 18. Qh4 Qd6 19. h3 Nh5 20. Nh2 Nf6 21. Bg5 Ng8 22.
Rxf7 Rf8 23. Be7 Nxe7 24. Qxe7 Qxe7 25. Rxe7 Rad8 26. Bg4 Bxg4 27. Nxg4 Ne8 28.
Nxe5 Nd6 29. Nf3 Rfe8 30. Rc7 Nxc4 31. Rxb7 Nxb2 32. Rxb2 Bxc3 33. Rb7+ Kg8 34.
Rd3 Bf6 35. e5 Bxe5 36. Nxe5 Rxe5 37. d6 c4 38. Rd1 Ra5 39. Re7 Kf8 40. Rh7 Kg8
41. Rc7 Rxa3 42. Rxc4 Kf7 43. Rc7+ Kf6 44. d7 Ke7 45. Rb7 Ra6 46. Rd3 h5 47. h4
Kf7 48. Kf2 Ra2+ 49. Kf3 Ra4 50. g3 Ra5 51. Ke4 Ke6 52. Rc7 Re5+ 53. Kf3 Rd5
54. Rxd5 Kxd5 55. Rxa7 Ke6 56. Kf4 Kf6 57. Ra6+ Kf7 58. Rd6 Ke7 59. Ke5 Kf7 60.
Kd5 Ke7 1-0

[Event "Fall TNM"]
[Site "San Francisco"]
[Date "2005.11.22"]
[Round "4"]
[White "Starr, Albert"]
[Black "Hilliard, Michael"]
[Result "1-0"]
[WhiteElo "1521"]
[BlackElo "1435"]
[PlyCount "123"]
[EventDate "2005.11.01"]
[EventType "swiss"]
[EventRounds "8"]
[EventCountry "USA"]

1. b4 d5 2. e3 e5 3. b5 c6 4. a4 Bb4 5. Bb2 Qe7 6. Nf3 Nd7 7. Be2 Ngf6 8. O-O
O-O 9. d3 a6 10. c4 axb5 11. axb5 Rxa1 12. Bxa1 Re8 13. Nbd2 e4 14. Nd4 c5 15.
Nf5 Qe6 16. Ng3 exd3 17. Bxd3 Ne5 18. Bf5 Qe7 19. cxd5 Bxf5 20. Nxf5 Qd7 21.
Ng3 Qxd5 22. Nb3 Qxd1 23. Rxd1 c4 24. Nd4 c3 25. Nge2 Rc8 26. Nc2 Ba5 27. f4
Ng6 28. h3 Ne4 29. Rd7 b6 30. Ned4 Nf8 31. Ra7 Nd2 32. Nc6 Re8 33. Nxa5 bxa5
34. Rxa5 Nb3 35. Ra3 Nxa1 36. Rxa1 Rb8 37. Rb1 Rb6 38. Kf2 Ne6 39. Ke2 Nc7 40.
Nd4 Nd5 41. Kd3 g6 42. Ne2 c2 43. Rb2 f5 44. g3 h5 45. e4 Nf6 46. e5 Ne4 47.
Kxc2 Kf7 48. h4 Ke6 49. Kd3 Kd5 50. Nc3+ Nxc3 51. Kxc3 Kc5 52. Rb4 Rxb5 53.
Rxb5+ Kxb5 54. Kd4 Kc6 55. Kc4 Kd7 56. Kd5 Ke7 57. e6 Ke8 58. Ke5 Ke7 59. Kd5
Ke8 60. Kd6 Kd8 61. e7+ Ke8 62. Ke6 1-0

[Event "Fall TNM"]
[Site "San Francisco"]
[Date "2005.11.29"]
[Round "5"]
[White "Barrera, Jorge"]
[Black "Nochomovitz, Yigal"]
[Result "0-1"]
[WhiteElo "1363"]
[BlackElo "1765"]
[PlyCount "64"]
[EventDate "2005.11.01"]
[EventType "swiss"]
[EventRounds "8"]
[EventCountry "USA"]

1. e4 e6 2. Nf3 d5 3. exd5 exd5 4. d4 Bd6 5. Nc3 c6 6. Be2 Nf6 7. O-O O-O 8.
Bg5 Nbd7 9. Qd2 Re8 10. Bd3 Nf8 11. Rae1 Ne6 12. Be3 Ng4 13. h3 Nxe3 14. fxe3
Bg3 15. Rc1 g6 16. Ne2 Bd6 17. c4 Ng7 18. cxd5 cxd5 19. Nc3 Bb8 20. Qf2 Bf5 21.
Bb5 Rf8 22. Ba4 a6 23. Bb3 Be6 24. Qh4 Qd6 25. Qf2 Ba7 26. Ne5 Rae8 27. Ba4 b5
28. Ng4 Bxg4 29. hxg4 bxa4 30. Nxa4 f5 31. g5 Ne6 32. Qh4 f4 0-1

[Event "Fall TNM"]
[Site "San Francisco"]
[Date "2005.11.29"]
[Round "5"]
[White "Blagodarsky, Ilya"]
[Black "McCutchen, Wilmot"]
[Result "0-1"]
[WhiteElo "1332"]
[BlackElo "1554"]
[PlyCount "70"]
[EventDate "2005.11.01"]
[EventType "swiss"]
[EventRounds "8"]
[EventCountry "USA"]

1. e4 e5 2. Nf3 Nc6 3. Bb5 a6 4. Ba4 Nf6 5. O-O b5 6. Bb3 Be7 7. c3 O-O 8. Re1
d6 9. h3 Bb7 10. Bc2 Re8 11. d4 exd4 12. cxd4 Nb4 13. d5 Nxc2 14. Qxc2 Rc8 15.
Qe2 Bf8 16. Bg5 Bxd5 17. Nc3 Ba8 18. a4 b4 19. Qxa6 bxc3 20. bxc3 h6 21. Bxf6
Qxf6 22. Qd3 c5 23. Re3 Rb8 24. Rb1 Rxb1+ 25. Qxb1 Qd8 26. Qb5 Qb8 27. Qc4 Bc6
28. g4 Qb7 29. Nd2 d5 30. exd5 Rxe3 31. fxe3 Bxd5 32. Qf1 Qa7 33. e4 Be6 34.
Qd1 Bd7 35. Nf3 Qxa4 0-1

[Event "Fall TNM"]
[Site "San Francisco"]
[Date "2005.11.29"]
[Round "5"]
[White "Braden, Brian"]
[Black "Akol, Haluk"]
[Result "0-1"]
[WhiteElo "1127"]
[BlackElo "1189"]
[PlyCount "120"]
[EventDate "2005.11.01"]
[EventType "swiss"]
[EventRounds "8"]
[EventCountry "USA"]

1. e4 c5 2. Nf3 Nc6 3. Bb5 Qc7 4. Nc3 e6 5. d3 h6 6. O-O Nf6 7. e5 Nxe5 8. Bf4
Bd6 9. Re1 Nxf3+ 10. Qxf3 Bxf4 11. g3 Bd6 12. Nd5 Nxd5 13. Qxd5 Kd8 14. Qf3 f5
15. Qh5 Rf8 16. Rac1 b6 17. c3 a6 18. Ba4 b5 19. Bc2 Bb7 20. f3 Bxg3 21. Qg6
Bxh2+ 22. Kf2 Be5 23. Rg1 d6 24. Rce1 Rf6 25. Qh7 Rf7 26. Qg8+ Ke7 27. Qh7 Raf8
28. Bd1 Bf6 29. Qg6 Kd8 30. Rxe6 Bd5 31. Ree1 Bxa2 32. b3 a5 33. c4 bxc4 34.
dxc4 Bd4+ 35. Kf1 Bxg1 36. Qxg1 Bb1 37. Be2 Bc2 38. Qe3 Qb7 39. Qc3 Bxb3 40.
Qxa5+ Qc7 41. Qa3 Qb7 42. Rb1 Qb4 43. Qxb4 cxb4 44. Rxb3 Rb7 45. Bd3 g6 46. Rb1
b3 47. Ra1 b2 48. Ra8+ Ke7 49. Ra2 Re8 50. Bb1 Kf6 51. Kf2 Kg5 52. Ra3 h5 53.
Rd3 Rb6 54. Rd1 Kf4 55. Rd4+ Kg5 56. Rd1 h4 57. Rg1+ Kh5 58. Rh1 f4 59. Rg1 Re6
60. Rd1 g5 0-1

[Event "Fall TNM"]
[Site "San Francisco"]
[Date "2005.11.29"]
[Round "5"]
[White "Bukh, Yefim"]
[Black "Riese, Kayven"]
[Result "0-1"]
[WhiteElo "1928"]
[BlackElo "1825"]
[PlyCount "74"]
[EventDate "2005.11.01"]
[EventType "swiss"]
[EventRounds "8"]
[EventCountry "USA"]

1. Nf3 c5 2. b3 d5 3. Bb2 Nc6 4. e3 e6 5. Bb5 Nge7 6. O-O a6 7. Be2 d4 8. e4
Ng6 9. a4 Bd6 10. d3 O-O 11. Bc1 f6 12. Na3 Bd7 13. Bd2 b6 14. g3 e5 15. Ne1
Qc8 16. g4 Nf4 17. Bxf4 exf4 18. Nc4 Bc7 19. Bf3 Ne5 20. h3 Rb8 21. Bg2 h5 22.
Nxe5 fxe5 23. g5 g6 24. Kh2 Kg7 25. Nf3 Rh8 26. Qd2 h4 27. c3 Qf8 28. cxd4 cxd4
29. Rfc1 Bd6 30. Qb2 Qe7 31. Rc4 b5 32. axb5 Bxb5 33. Rcc1 Bxd3 34. Nxd4 exd4
35. Qxd4+ Be5 36. Qxd3 f3+ 37. Kg1 Bxa1 0-1

[Event "Fall TNM"]
[Site "San Francisco"]
[Date "2005.11.29"]
[Round "5"]
[White "Chan, John"]
[Black "Purcell, Brendan"]
[Result "1-0"]
[WhiteElo "1613"]
[BlackElo "1836"]
[PlyCount "105"]
[EventDate "2005.11.01"]
[EventType "swiss"]
[EventRounds "8"]
[EventCountry "USA"]

1. c4 c6 2. d4 d5 3. c5 e5 4. Nf3 e4 5. Nfd2 f5 6. Nb3 Nf6 7. Bg5 h6 8. Bf4 Be6
9. Nc3 Nbd7 10. h3 Be7 11. e3 Nf8 12. Be2 Bf7 13. g4 Be6 14. gxf5 Bxf5 15. Bh5+
g6 16. Bg4 Bxg4 17. hxg4 Ne6 18. Bg3 Ng5 19. Nd2 Qd7 20. Be5 Nf7 21. Bxf6 Bxf6
22. f4 Qe7 23. Qe2 Bh4+ 24. Kd1 Bf6 25. Kc2 O-O-O 26. a4 Rdf8 27. b4 Qd7 28. b5
g5 29. f5 Kd8 30. bxc6 bxc6 31. Rab1 Ke7 32. a5 Rb8 33. a6 Qc7 34. Nb3 Rhc8 35.
Qd2 Kf8 36. Qh2 Qxh2+ 37. Rxh2 Ke7 38. Na2 Rb5 39. Kc1 Kd7 40. Rhb2 Rh8 41. Nc3
Rbb8 42. Na5 Rxb2 43. Rxb2 Rc8 44. Ne2 Nd8 45. Ng3 Kc7 46. Nh5 Be7 47. Ng7 Rb8
48. Ne6+ Nxe6 49. Rxb8 Kxb8 50. Nxc6+ Kc7 51. Nxe7 Nd8 52. Nxd5+ Kc6 53. Nc3
1-0

[Event "Fall TNM"]
[Site "San Francisco"]
[Date "2005.11.29"]
[Round "5"]
[White "Drane, Robert"]
[Black "Grey, Peter"]
[Result "1-0"]
[WhiteElo "1843"]
[BlackElo "2021"]
[PlyCount "110"]
[EventDate "2005.11.01"]
[EventType "swiss"]
[EventRounds "8"]
[EventCountry "USA"]

1. e4 c5 2. Nc3 Nc6 3. g3 g6 4. Bg2 Bg7 5. d3 d6 6. Be3 Rb8 7. Qd2 b5 8. Nge2
Nd4 9. O-O e6 10. f4 Ne7 11. Nd1 b4 12. g4 f5 13. gxf5 exf5 14. Ng3 O-O 15. c3
bxc3 16. bxc3 Ne6 17. Nf2 Qa5 18. Rfc1 Kh8 19. Nd1 Bd7 20. exf5 Nxf5 21. Nxf5
Rxf5 22. Rab1 Rff8 23. Rxb8 Rxb8 24. Be4 Nc7 25. c4 Qxd2 26. Bxd2 Ne6 27. Kf2
Nd4 28. Bc3 Rf8 29. Ke3 Bh6 30. Bxd4+ cxd4+ 31. Kxd4 Bxf4 32. Rb1 Bxh2 33. Ne3
Be5+ 34. Kd5 Rc8 35. Bg2 Bc6+ 36. Ke6 Bxg2 37. Nxg2 Rc7 38. Ne3 Kg7 39. Nd5 Rf7
40. c5 dxc5 41. Kxe5 g5 42. Rc1 Rf2 43. Rxc5 Rxa2 44. Kf5 Rd2 45. Rc7+ Kh6 46.
Rc6+ Kh5 47. Rc7 Rf2+ 48. Ke5 h6 49. Rxa7 Kh4 50. Rh7 h5 51. Nf6 Rf3 52. Kd4
Kg3 53. Rxh5 Rf4+ 54. Ne4+ Kg4 55. Rxg5+ Kh4 {W won in a few more moves} 1-0

[Event "Fall TNM"]
[Site "San Francisco"]
[Date "2005.11.29"]
[Round "5"]
[White "Kleiman, Charles"]
[Black "Ladyzhensky, Boris"]
[Result "*"]
[WhiteElo "1883"]
[BlackElo "1721"]
[PlyCount "109"]
[EventDate "2005.11.01"]
[EventType "swiss"]
[EventRounds "8"]
[EventCountry "USA"]

1. d4 Nf6 2. c4 c5 3. d5 b5 4. cxb5 a6 5. b6 Qxb6 6. Nc3 d6 7. e4 g6 8. a4 Bg7
9. a5 Qc7 10. h3 O-O 11. Nf3 Nfd7 12. Nd2 Bb7 13. f4 f5 14. Bd3 c4 15. Nxc4
Bxc3+ 16. bxc3 fxe4 17. Be2 Rf5 18. Ne3 Rxf4 19. Nc4 e3 20. Qd3 Nc5 21. Qxe3
Re4 22. Qf3 Nbd7 23. Bh6 Bxd5 24. Ne3 Ne5 25. Nxd5 Nxf3+ 26. gxf3 Rxe2+ 27.
Kxe2 Qb7 28. Nb4 Rc8 29. Ra3 e5 30. Rd1 e4 31. f4 e3 32. Rd5 Qb5+ 33. Nd3 Nxd3
34. Rxb5 Nc1+ 35. Kxe3 axb5 36. Kd2 b4 37. cxb4 Kf7 38. a6 Ke7 39. a7 Ra8 40.
Kxc1 Kd7 41. Kc2 Kc6 42. Kc3 Kb5 43. Ra5+ Kb6 44. Kc4 Kc6 45. Bg7 d5+ 46. Kd4
Kb6 47. Kxd5 h5 48. Be5 Rd8+ 49. Ke6 Ra8 50. Bb8 Kc6 51. Rc5+ Kb7 52. Kd6 g5
53. fxg5 h4 54. Rb5+ Kc8 55. g6 *

[Event "Fall TNM"]
[Site "San Francisco"]
[Date "2005.11.29"]
[Round "5"]
[White "Krasnov, Steven"]
[Black "Kastor, Mark"]
[Result "1/2-1/2"]
[WhiteElo "1872"]
[BlackElo "1667"]
[PlyCount "113"]
[EventDate "2005.11.01"]
[EventType "swiss"]
[EventRounds "8"]
[EventCountry "USA"]

1. Nf3 Nf6 2. c4 c5 3. g3 b6 4. Bg2 Bb7 5. O-O e6 6. Nc3 Be7 7. e3 O-O 8. d4
cxd4 9. exd4 d6 10. Qc2 Nbd7 11. Rd1 Qc7 12. Nb5 Qc6 13. Bf4 a6 14. Ne1 d5 15.
Na3 Bxa3 16. bxa3 Rac8 17. Rdc1 Ba8 18. cxd5 Qxc2 19. Nxc2 Bxd5 20. Bd6 Rfe8
21. Nb4 Bxg2 22. Kxg2 a5 23. Nc6 Nd5 24. Rc2 h6 25. Rac1 N7f6 26. a4 Ne4 27.
Ba3 Rc7 28. Kf1 Kh7 29. Ne5 Rxc2 30. Rxc2 f6 31. Nc4 Nec3 32. Nxb6 Nxb6 33.
Rxc3 Nxa4 34. Rc4 Nb6 35. Rc6 Nd5 36. Ke2 Kg6 37. Kd3 Kf5 38. f3 e5 39. Rc5
Nb4+ 40. Bxb4 axb4 41. Kc4 Rd8 42. d5 Ra8 43. Kxb4 Rxa2 44. Rc7 Rd2 45. Kc5 g5
46. d6 g4 47. fxg4+ Kxg4 48. Rg7+ Kh3 49. Rh7 Kxh2 50. Rxh6+ Kxg3 51. Rxf6 e4
52. Rg6+ Kf2 53. Rf6+ Ke2 54. Kc6 e3 55. d7 Rxd7 56. Kxd7 Ke1 57. Kd6 {
a theoretical draw} 1/2-1/2

[Event "Fall TNM"]
[Site "San Francisco"]
[Date "2005.11.29"]
[Round "5"]
[White "Litowsky, Dan"]
[Black "Dorn, Richard"]
[Result "0-1"]
[WhiteElo "1710"]
[BlackElo "1933"]
[PlyCount "74"]
[EventDate "2005.11.01"]
[EventType "swiss"]
[EventRounds "8"]
[EventCountry "USA"]

1. e4 e5 2. Nc3 Nf6 3. Bc4 Bc5 4. a3 Nc6 5. d3 d6 6. h3 Be6 7. Nd5 Bxd5 8. exd5
Ne7 9. Qf3 a6 10. Ne2 c6 11. dxc6 bxc6 12. Bg5 d5 13. Bb3 Qd6 14. O-O h6 15.
Bh4 g5 16. Bg3 h5 17. Nc3 g4 18. Qe2 Ng6 19. Rae1 O-O-O 20. Bxe5 Nxe5 21. Qxe5
g3 22. d4 Qxe5 23. Rxe5 Bxd4 24. Rf5 gxf2+ 25. Kh1 Ne4 26. Nxe4 dxe4 27. c3 Bb6
28. Bxf7 e3 29. Re5 Rd2 30. Bc4 Rhd8 31. Bxa6+ Kc7 32. g3 Rd1 33. Kg2 Rxf1 34.
Kxf1 Rd1+ 35. Kg2 Rg1+ 36. Kf3 f1=Q+ 37. Bxf1 Rxf1+ 0-1

[Event "Fall TNM"]
[Site "San Francisco"]
[Date "2005.11.29"]
[Round "5"]
[White "Mar, Henry"]
[Black "Crawford, Gareth"]
[Result "1-0"]
[WhiteElo "1565"]
[BlackElo "1323"]
[PlyCount "123"]
[EventDate "2005.11.01"]
[EventType "swiss"]
[EventRounds "8"]
[EventCountry "USA"]

1. d4 Nf6 2. Nf3 e6 3. e3 Bb4+ 4. c3 Be7 5. Bd3 O-O 6. Nbd2 b6 7. e4 d6 8. O-O
Ba6 9. Bxa6 Nxa6 10. e5 dxe5 11. Nxe5 Qd5 12. Ndf3 c5 13. c4 Qd6 14. Be3 Nb4
15. a3 Nc6 16. dxc5 Qxd1 17. Rfxd1 Nxe5 18. Nxe5 Bxc5 19. Bxc5 bxc5 20. Rd2
Rfd8 21. Rad1 Rxd2 22. Rxd2 Kf8 23. Nc6 Ke8 24. f3 a6 25. Kf2 Rc8 26. Na5 Nd7
27. Nb7 Ke7 28. Nd6 Rc6 29. Nxf7 Nb6 30. Ne5 Rd6 31. Ke2 Rxd2+ 32. Kxd2 Kd6 33.
f4 g5 34. g3 gxf4 35. gxf4 Ke7 36. b3 Kf6 37. Ke3 a5 38. a4 Ke7 39. Ke4 Kd6 40.
h4 Nc8 41. Nf7+ Ke7 42. Ng5 h6 43. Nf3 Kf6 44. Ne5 Nd6+ 45. Kf3 Nf5 46. Nd7+
Kg6 47. Nxc5 Nxh4+ 48. Kg4 Nf5 49. Nxe6 h5+ 50. Kh3 Kf6 51. Nc5 Nd4 52. Kh4 Kf5
53. Kxh5 Kxf4 54. Kg6 Ke3 55. Kf6 Kd2 56. Ke5 Nc2 57. Ne4+ Kd3 58. c5 Nb4 59.
Nf6 Kc3 60. Nd5+ Kxb3 61. Nxb4 axb4 62. c6 1-0

[Event "Fall TNM"]
[Site "San Francisco"]
[Date "2005.11.29"]
[Round "5"]
[White "Naroditsky, Alan"]
[Black "Dupree, Charles"]
[Result "0-1"]
[WhiteElo "1687"]
[BlackElo "1848"]
[PlyCount "70"]
[EventDate "2005.11.01"]
[EventType "swiss"]
[EventRounds "8"]
[EventCountry "USA"]

1. Nf3 Nf6 2. b3 c5 3. Bb2 e6 4. e3 b6 5. d4 Bb7 6. Be2 Be7 7. O-O O-O 8. c4 d6
9. Nc3 Nbd7 10. Qc2 a6 11. Rfd1 Qc7 12. Rd2 Rac8 13. Rad1 Rfd8 14. Ne1 d5 15.
cxd5 cxd4 16. Rxd4 Nxd5 17. Nxd5 exd5 18. Qxc7 Rxc7 19. R4d2 Bb4 20. Rc2 Rdc8
21. Rdc1 Rxc2 22. Rxc2 Bxe1 23. Rxc8+ Bxc8 24. a3 Nc5 25. Kf1 Bd2 26. Bd1 Ne4
27. f3 Bc3 28. fxe4 Bxb2 29. exd5 Bxa3 30. e4 Bd6 31. Kf2 f5 32. Bc2 fxe4 33.
Bxe4 Kf7 34. h3 g6 35. g4 Kf6 0-1

[Event "Fall TNM"]
[Site "San Francisco"]
[Date "2005.11.29"]
[Round "5"]
[White "Naroditsky, Daniel"]
[Black "Perepelitsky, Edward"]
[Result "0-1"]
[WhiteElo "1860"]
[BlackElo "2125"]
[PlyCount "92"]
[EventDate "2005.11.01"]
[EventType "swiss"]
[EventRounds "8"]
[EventCountry "USA"]

1. e4 c5 2. Nf3 d6 3. d4 cxd4 4. Nxd4 Nf6 5. Nc3 a6 6. Be2 e6 7. O-O Be7 8. Be3
O-O 9. f4 Nc6 10. g4 Nd7 11. Bf3 Nxd4 12. Bxd4 e5 13. fxe5 Nxe5 14. Nd5 Be6 15.
Bxe5 dxe5 16. Qe2 Bg5 17. Rad1 Bxd5 18. exd5 Bf4 19. d6 Qb6+ 20. Kh1 Rfd8 21.
Qd3 Rd7 22. a3 g6 23. Bd5 Rad8 24. Qc4 Kg7 25. Qc3 f6 26. Bb3 Rxd6 27. Rxd6
Rxd6 28. Qc4 Qc6+ 29. Qxc6 bxc6 30. Rf2 a5 31. Kg2 f5 32. Kf3 c5 33. gxf5 gxf5
34. Rg2+ Rg6 35. Rxg6+ hxg6 36. h3 Bc1 37. Be6 Bxb2 38. Bc8 Kf6 39. h4 e4+ 40.
Ke2 Bc3 41. Bd7 f4 42. Bg4 Ke5 43. h5 f3+ 44. Kf2 gxh5 45. Bxh5 Kf4 46. Kf1 e3
0-1

[Event "Fall TNM"]
[Site "San Francisco"]
[Date "2005.11.29"]
[Round "5"]
[White "Parker, Frank"]
[Black "Cendejas, Juan"]
[Result "1-0"]
[WhiteElo "1811"]
[BlackElo "1852"]
[PlyCount "94"]
[EventDate "2005.11.01"]
[EventType "swiss"]
[EventRounds "8"]
[EventCountry "USA"]

1. d4 d5 2. Nf3 Nf6 3. c4 c6 4. Nc3 e6 5. e3 Nbd7 6. Bd3 dxc4 7. Bxc4 Nb6 8.
Bd3 Bd6 9. e4 Bc7 10. O-O h6 11. h3 O-O 12. Qe2 Re8 13. e5 Nfd5 14. Qe4 f5 15.
Qe2 Nb4 16. Bb1 N6d5 17. a3 Na6 18. Bd2 b5 19. b4 Nb8 20. Rc1 a5 21. Nxd5 Qxd5
22. Ba2 Qd7 23. Qd3 Kh7 24. g4 g6 25. g5 h5 26. Qc2 Bb6 27. Bc3 Bb7 28. Rd1 Qe7
29. h4 c5 30. d5 axb4 31. axb4 exd5 32. Bxd5 Rxa1 33. Bxa1 Rd8 34. Bxb7 Rxd1+
35. Qxd1 Qxb7 36. bxc5 Bxc5 37. e6 Qe4 38. Be5 Nc6 39. Qd7+ Be7 40. Qe8 Nxe5
41. Qxe7+ Kg8 42. Nxe5 Qe1+ 43. Kg2 Qxe5 44. Qf7+ Kh8 45. Qf8+ Kh7 46. Qh6+ Kg8
47. Qxg6+ Kf8 1-0

[Event "Fall TNM"]
[Site "San Francisco"]
[Date "2005.11.29"]
[Round "5"]
[White "Regan, Jack"]
[Black "Standen, Julian"]
[Result "0-1"]
[WhiteElo "1555"]
[BlackElo "1731"]
[PlyCount "106"]
[EventDate "2005.11.01"]
[EventType "swiss"]
[EventRounds "8"]
[EventCountry "USA"]

1. Nf3 d5 2. d4 Nf6 3. c4 c6 4. Nc3 dxc4 5. e3 b5 6. a4 b4 7. Na2 e6 8. Bxc4
Be7 9. Bd2 a5 10. Ne5 O-O 11. Qf3 Bb7 12. Bb5 Qb6 13. Bd3 c5 14. dxc5 Bxc5 15.
e4 Nc6 16. Nc4 Qc7 17. O-O Rad8 18. Bf4 e5 19. Bg5 Be7 20. Bxf6 Bxf6 21. Rfd1
Rd4 22. Ne3 Ne7 23. Rac1 Qb6 24. Nc4 Qa7 25. Bb1 Rfd8 26. Ne3 Ng6 27. Rc4 Rxd1+
28. Nxd1 Ba6 29. Rc6 h6 30. Ne3 Bd3 31. Bxd3 Rxd3 32. Rc1 Bg5 33. Rd1 Qd4 34.
Rxd3 Qxd3 35. Qd1 Qxe4 36. Nd5 Nf4 37. Nxf4 Qxf4 38. Qc2 Qd2 39. Qc8+ Qd8 40.
Qxd8+ Bxd8 41. Nc1 f5 42. Kf1 Kf7 43. Ke2 Ke6 44. f3 Kd5 45. b3 Kd4 46. Na2 e4
47. fxe4 fxe4 48. g3 h5 49. h4 Be7 50. Kf2 Kd3 51. Kg2 Kd2 52. Kf2 e3+ 53. Kf3
e2 0-1

[Event "Fall TNM"]
[Site "San Francisco"]
[Date "2005.11.29"]
[Round "5"]
[White "Salvo, Tab"]
[Black "Dunham, Tom"]
[Result "1-0"]
[WhiteElo "1712"]
[BlackElo "1336"]
[PlyCount "27"]
[EventDate "2005.11.01"]
[EventType "swiss"]
[EventRounds "8"]
[EventCountry "USA"]

1. Nf3 d5 2. c4 e6 3. b3 Nf6 4. g3 Nbd7 5. Bb2 c6 6. Bg2 Be7 7. O-O O-O 8. d3
Re8 9. Nbd2 Bf8 10. Qc2 Qc7 11. e4 dxe4 12. dxe4 e5 13. h3 b6 14. Rac1 {
remainder illegible} 1-0

[Event "Fall TNM"]
[Site "San Francisco"]
[Date "2005.11.29"]
[Round "5"]
[White "Samatra, Mario"]
[Black "Perepelitsky, Philipp"]
[Result "0-1"]
[WhiteElo "1900"]
[BlackElo "2111"]
[PlyCount "108"]
[EventDate "2005.11.01"]
[EventType "swiss"]
[EventRounds "8"]
[EventCountry "USA"]

1. d4 d5 2. c4 c6 3. Nc3 Nf6 4. Nf3 dxc4 5. a4 Bf5 6. e3 e6 7. Bxc4 Bb4 8. Bd2
O-O 9. O-O Qe7 10. Ne5 c5 11. Ne2 Bxd2 12. Qxd2 Nc6 13. Nxc6 bxc6 14. Qa5 cxd4
15. Nxd4 Be4 16. Rac1 Qb7 17. f3 Bd5 18. b3 Bxc4 19. Rxc4 Nd5 20. Kf2 Qb8 21.
f4 Nf6 22. h3 c5 23. Nb5 a6 24. Nc7 Qxb3 25. Qxc5 Rad8 26. Kg1 Rd2 27. Kh1 Nh5
28. Kh2 Qa2 29. Rg1 Nf6 30. Nxa6 h5 31. a5 Rd5 32. Rc2 Qxa5 33. Qxa5 Rxa5 34.
Nb4 Ra3 35. Re1 Rb3 36. Nc6 Nd5 37. Rce2 Ra8 38. Nd4 Rd3 39. Kg1 Nxf4 40. Rc2
Nd5 41. Kf2 Nxe3 42. Rxe3 Rxd4 43. Kg1 Rad8 44. Kf2 Rd2+ 45. Re2 Rxc2 46. Rxc2
e5 47. Ke2 f5 48. Rc5 Re8 49. Ke3 h4 50. Rc4 e4 51. Rc5 g6 52. Rc7 Kf8 53. Rh7
g5 54. Rh5 f4+ {and B won on time about to promote the e-pawn} 0-1

[Event "Fall TNM"]
[Site "San Francisco"]
[Date "2005.11.29"]
[Round "5"]
[White "Sherwood, Peter"]
[Black "Livschitz, Jennifer"]
[Result "1-0"]
[WhiteElo "1711"]
[BlackElo "1230"]
[PlyCount "77"]
[EventDate "2005.11.01"]
[EventType "swiss"]
[EventRounds "8"]
[EventCountry "USA"]

1. e4 e5 2. Nf3 Nc6 3. Bb5 a6 4. Ba4 Nf6 5. O-O Be7 6. Re1 b5 7. Bb3 O-O 8. h3
d6 9. c3 Na5 10. Bc2 c5 11. d4 Qc7 12. d5 Bd7 13. Nbd2 Rab8 14. b3 c4 15. b4
Nb7 16. a4 a5 17. Ba3 bxa4 18. Bxa4 axb4 19. Bxb4 Nc5 20. Bxd7 Ncxd7 21. Qe2
Rfc8 22. Ra6 Nc5 23. Rc6 Qd7 24. Bxc5 dxc5 25. Rxc8+ Rxc8 26. Nxe5 Qa7 27.
Ndxc4 Qb8 28. Qa2 Qc7 29. Qa6 Ne8 30. Rd1 Bd6 31. Nc6 f6 32. Nb6 Rb8 33. Nxb8
Qxb8 34. Qc8 Qxc8 35. Nxc8 Bc7 36. d6 Bd8 37. Ne7+ Kf7 38. Nc6 Bb6 39. d7 1-0